00912cam a22002411 450000100060000000300080000600500170001400800390003103500190007003500190008904000340010804100080014208200200015010000370017024500750020726001110028230000260039349000300041971000530044994200120050299900170051495201390053131442BD-RjUL20211209051713.0140415s1966 enk 000 0 eng a(BD-RjUL)31530 a(OCoLC)1879631 aDLCcFMUdOCoLCdUkdDLCbeng aeng a262.5bBUV 19661 aBull, George,d1929-2001.99567310aVatican politics at the Second Vatican Council, 1962-5 /cGeorge Bull. aLondon :bIssued under the auspices of the Royal Institute of International Affairs by Oxford U.P.,c1966. avii, 157 p. ;c19 cm.0 aChatham House essays,v112 aRoyal Institute of International Affairs.995674 2ddccBK c31442d31442 00102ddc40718NFICaRUCLbRUCLcReadingd1967-03-01eBeller bookg8.50l0o262.5 BUV 1966r2014-04-15 00:00:00tC-1w2014-04-15yBK